header

Peace and peacemaking in Paul and the Greco-Roman world / (Record no. 78928)

MARC details
000 -LEADER
fixed length control field 02175nam a2200469 i 4500
001 - CONTROL NUMBER
control field ebr10819460
003 - CONTROL NUMBER IDENTIFIER
control field CaPaEBR
006 - FIXED-LENGTH DATA ELEMENTS--ADDITIONAL MATERIAL CHARACTERISTICS--GENERAL INFORMATION
fixed length control field m o d
007 - PHYSICAL DESCRIPTION FIXED FIELD--GENERAL INFORMATION
fixed length control field cr cn|||||||||
008 - FIXED-LENGTH DATA ELEMENTS--GENERAL INFORMATION
fixed length control field 130730t20142014nyu ob 001 0 eng|d
020 ## - INTERNATIONAL STANDARD BOOK NUMBER
Cancelled/invalid ISBN 9781433115660 (hardcover : alk. paper)
International Standard Book Number 9781453908105 (e-book)
040 ## - CATALOGING SOURCE
Original cataloging agency CaPaEBR
Language of cataloging eng
Description conventions rda
-- pn
Transcribing agency CaPaEBR
035 ## - SYSTEM CONTROL NUMBER
System control number (OCoLC)876288653
043 ## - GEOGRAPHIC AREA CODE
Geographic area code e------
-- ff-----
-- aw-----
050 14 - LIBRARY OF CONGRESS CALL NUMBER
Classification number BS2655.R29
Item number K43 2014eb
082 04 - DEWEY DECIMAL CLASSIFICATION NUMBER
Classification number 261.8/73
Edition number 23
100 1# - MAIN ENTRY--PERSONAL NAME
Personal name Keazirian, Edward M.,
Dates associated with a name 1951-
245 10 - TITLE STATEMENT
Title Peace and peacemaking in Paul and the Greco-Roman world /
Statement of responsibility, etc Edward M. Keazirian.
264 #1 - PRODUCTION, PUBLICATION, DISTRIBUTION, MANUFACTURE, AND COPYRIGHT NOTICE
Place of production, publication, distribution, manufacture New York :
Name of producer, publisher, distributor, manufacturer Peter Lang Publishing,
Date of production, publication, distribution, manufacture, or copyright notice [2014]
Date of production, publication, distribution, manufacture, or copyright notice �2014
300 ## - PHYSICAL DESCRIPTION
Extent 1 online resource (234 pages).
336 ## - CONTENT TYPE
Content type term text
Source rdacontent
337 ## - MEDIA TYPE
Media type term computer
Source rdamedia
338 ## - CARRIER TYPE
Carrier type term online resource
Source rdacarrier
490 1# - SERIES STATEMENT
Series statement Studies in biblical literature,
International Standard Serial Number 1089-0645 ;
Volume number/sequential designation volume 145
504 ## - BIBLIOGRAPHY, ETC. NOTE
Bibliography, etc Includes bibliographical references and index.
505 0# - FORMATTED CONTENTS NOTE
Formatted contents note part I. Greco-Roman conceptions of peace -- part II. Pauline conceptions of peace -- part III. Paul's approach to peacemaking and conflict resolution.
588 ## - SOURCE OF DESCRIPTION NOTE
Source of description note Description based on print version record.
590 ## - LOCAL NOTE (RLIN)
Local note Electronic reproduction. Palo Alto, Calif. : ebrary, 2014. Available via World Wide Web. Access may be limited to ebrary affiliated libraries.
630 00 - SUBJECT ADDED ENTRY--UNIFORM TITLE
Uniform title Bible.
Name of part/section of a work Epistles of Paul
General subdivision Criticism, interpretation, etc.
650 #0 - SUBJECT ADDED ENTRY--TOPICAL TERM
Topical term or geographic name as entry element Reconciliation
General subdivision Biblical teaching.
Topical term or geographic name as entry element Peace
General subdivision Biblical teaching.
Topical term or geographic name as entry element Reconciliation.
Topical term or geographic name as entry element Peace.
Topical term or geographic name as entry element Civilization, Greco-Roman.
655 #0 - INDEX TERM--GENRE/FORM
Genre/form data or focus term Electronic books.
776 08 - ADDITIONAL PHYSICAL FORM ENTRY
Display text Print version:
Main entry heading Keazirian, Edward M.
Title Peace and peacemaking in Paul and the Greco-Roman world.
Place, publisher, and date of publication New York : Peter Lang Publishing, [2014]
Physical description xv, 214 pages
Series data for related item Studies in biblical literature ; vol. 145
International Standard Serial Number 1089-0645 ;
International Standard Book Number 9781433115660
Record control number (DLC) 2013019051
797 2# - LOCAL ADDED ENTRY--CORPORATE NAME (RLIN)
Corporate name or jurisdiction name as entry element ebrary.
830 #0 - SERIES ADDED ENTRY--UNIFORM TITLE
Uniform title Studies in biblical literature ;
Volume number/sequential designation v. 145.
856 40 - ELECTRONIC LOCATION AND ACCESS
Uniform Resource Identifier <a href="http://site.ebrary.com/lib/rucke/Doc?id=10819460">http://site.ebrary.com/lib/rucke/Doc?id=10819460</a>
Public note An electronic book accessible through the World Wide Web; click to view

No items available.

© 2026 Rongo University
Contact us: librarian | system librarian | Rongo university